Stupro (Record n. 210348)
[ formato base ]
| 000 -LEADER | |
|---|---|
| fixed length control field | 01999nam a2200205Ia 4500 |
| 001 - CONTROL NUMBER | |
| control field | b6673-47651 |
| 003 - CONTROL NUMBER IDENTIFIER | |
| control field | IT-MiCISF |
| 008 - FIXED-LENGTH DATA ELEMENTS--GENERAL INFORMATION | |
| fixed length control field | 161014s9999||||xx |||||||||||||| ||und|| |
| 040 ## - CATALOGING SOURCE | |
| Original cataloging agency | IT-MiCISF |
| Transcribing agency | IT-MiCISF |
| 041 ## - LANGUAGE CODE | |
| Language code of text/sound track or separate title | it |
| 999 ## - SYSTEM CONTROL NUMBERS (KOHA) | |
| Koha Dewey Subclass [OBSOLETE] | si |
| 100 ## - MAIN ENTRY--PERSONAL NAME | |
| Personal name | Bourke Joanna |
| 245 #0 - TITLE STATEMENT | |
| Title | Stupro |
| Remainder of title | Storia della violenza sessuale |
| 250 ## - EDITION STATEMENT | |
| Edition statement | 1a ed. |
| 260 ## - PUBLICATION, DISTRIBUTION, ETC. (IMPRINT) | |
| Place of publication, distribution, etc. | Bari-Roma |
| Name of publisher, distributor, etc. | Laterza |
| Date of publication, distribution, etc. | 2009 [Edizione originale: 2005] |
| 300 ## - PHYSICAL DESCRIPTION | |
| Extent | pp. 600 |
| 500 ## - GENERAL NOTE | |
| General note | / stupro, società, storia, cultura, rapporti-sociali, rapporti-uomo-donna, legislazione, femminismo, sterilizzazione, abuso-sessuale, psicoanalisi, abuso-coniugale / I racconti e le immagini della violenza, soprattutto sessuale, ci sommergono. I romanzi indugiano volentieri su eroine "sedotte" contro la propria volontà; un film americano su otto contiene una scena di stupro; a partire dagli anni Ottanta le storie di violenza e aggressione hanno lentamente conquistato un posto centrale nei reportage giornalistici. Eppure non si conosce il numero reale di donne (o uomini) vittime di violenza sessuale. La verità è che lo stupro sfugge alla notazione statistica: numerose aggressioni non vengono nemmeno riportate alle autorità e meno del 5 per cento di quelle denunciate finisce con una condanna. Attingendo agli studi di criminologi, giuristi, psicologi e sociologi, servendosi delle narrazioni di violenza rilasciate da vittime e aggressori inglesi e americani dalla metà dell'Ottocento a oggi e di come quei racconti sono cambiati nel tempo, combattendo con la definizione di stupro e stupratore, di consenso e coercizione, l'A. in questo volume scava nelle"motivazioni" che portano un individuo a scegliere la violenza: «Al centro di questo libro è lo stupratore e non la vittima. Se la categoria dello stupratore viene demistificata, la violenza sessuale non sembrerà più inevitabile. Stupratori non si nasce, si diventa». |
| 650 ## - SUBJECT ADDED ENTRY--TOPICAL TERM | |
| Topical term or geographic name as entry element | Famiglia nella società / maltrattamenti-violenza |
| Relator term | 006 |
| 942 ## - ADDED ENTRY ELEMENTS (KOHA) | |
| Koha item type | LIBRO |
| 957 ## - | |
| -- | 1 |
| 999 ## - SYSTEM CONTROL NUMBERS (KOHA) | |
| -- | 1 |
| Withdrawn status | Lost status | Damaged status | Not for loan | Home library | Current library | Date acquired | Total Checkouts | Full call number | Date last seen | Price effective from | Koha item type | Public note |
|---|---|---|---|---|---|---|---|---|---|---|---|---|
| Buone Condizioni | Not For Loan | CISF - Milano | CISF - Milano | 14/10/2016 | b6673-47651 | 14/10/2016 | 14/10/2016 | LIBRO | Data import 15.10.2016 / by Epidotti, Vaglietti |